00794nab a2200217uuc4500001000800000005001700008008004100025035001200066035002100078040001300099041000800112100004600120245007700166260001000243650002800253650003500281650003200316700003400348700003700382773015700419120640720240202094821.0100707s2002 spa  a1206407 a(OCoLC)820547139 ccomduadb aspa10aFranco Betancur, Saúl Antonio4auteaut13aEl medio acuatico y su incidencia en la calidad de vida del adulto mayor c2002. aActividades acuáticas aEjercicio físico en la vejez aCalidad de vida en la vejez10aMarin, Monica Maria4auteaut10aMejia Penagos, William4auteaut0 tKinesis : Revista de las Ciencias del Deporte, la Educación Física y la Recreación (Armenia)gNo. 34, Dic. 2002, 63-65w1126266x0121-64300484850